000 01009nam a22003257a 4500
001 BR2011000832
003 BR-BrBNA
005 20230928103445.0
007 ta
008 230509b bl.||||| |||| 00| 0 por d
040 _aBR-BrBNA
_bpor
_cBiblioteca Nacional de Agricultura
041 _a(Por)
072 _aF04; F30
_b0336
090 _ 0336 BR2011000832
100 1 _aCarvalho, E.R.
110 1 _aUniversidade Federal de Lavras, MG (Brasil)
_0Tese (Mestrado)
245 1 _aFertilizante mineral e resíduo orgânico sobre características agronômicas da soja e nutrientes no solo
260 3 _aLavras, MG (Brasil):
_c2010.
300 _a56 p.
500 _aSummaries (Eng, Por); 46 ref.; 13 tables; 12 illus.
650 _aSOJA
650 _aRESÍDUO ORGÂNICO
650 _aFERTILIZANTE
650 _aCARACTERÍSTICAS AGRONÔMICAS
650 _aCAMA DE GALINHEIRO
650 _aQUÍMICA DO SOLO
650 _aFÍSICA DO SOLO
909 _a202309
_bLucia
_c55
_dLucia Elande
942 _cBK
999 _c75198
_d75198